Visual Merchandising (Record no. 2182)

MARC details
000 -LEADER
fixed length control field 00409nam a22001697a 4500
005 - DATE AND TIME OF LATEST TRANSACTION
control field 20211109110427.0
008 - FIXED-LENGTH DATA ELEMENTS--GENERAL INFORMATION
fixed length control field 160530b xxu||||| |||| 00| 0 eng d
020 ## - INTERNATIONAL STANDARD BOOK NUMBER
ISBN 978-0-07-015321-9
041 ## - LANGUAGE CODE
Language code of text/sound track or separate title eng
082 ## - DEWEY DECIMAL CLASSIFICATION NUMBER
Item number 6116
Classification number 658.15
100 ## - MAIN ENTRY--AUTHOR NAME
Personal name Bhalla Swati and Anuraag S.
245 ## - TITLE STATEMENT
Title Visual Merchandising
260 ## - PUBLICATION, DISTRIBUTION, ETC. (IMPRINT)
Name of publisher TMH
Place of publication NEW DELHI
300 ## - PHYSICAL DESCRIPTION
Number of Pages 232p,
650 ## - SUBJECT ADDED ENTRY--TOPICAL TERM
Topical Term Management
942 ## - ADDED ENTRY ELEMENTS (KOHA)
Koha item type Books
Holdings
Lost status Damaged status Collection code Home library Current library Shelving location Date acquired Full call number Accession Number Koha item type
    MANAGEMENT JRU Library JRU Library SHELF-71-B 30/05/2016 658.15 6116 Books
    MANAGEMENT JRU Library JRU Library SHELF-71-B 30/05/2016 658.15 6117 Books
    MANAGEMENT JRU Library JRU Library SHELF-71-B 30/05/2016 658.15 6118 Books
    MANAGEMENT JRU Library JRU Library SHELF-71-B 30/05/2016 658.15 6119 Books
    MANAGEMENT JRU Library JRU Library SHELF-71-B 30/05/2016 658.15 6120 Books
    MANAGEMENT JRU Library JRU Library SHELF-71-B 30/05/2016 658.15 6121 Books
    MANAGEMENT JRU Library JRU Library SHELF-71-B 30/05/2016 658.15 6122 Books
    MANAGEMENT JRU Library JRU Library SHELF-71-B 30/05/2016 658.15 6123 Books
    MANAGEMENT JRU Library JRU Library SHELF-71-B 30/05/2016 658.15 6124 Books
    MANAGEMENT JRU Library JRU Library SHELF-71-B 30/05/2016 658.15 6125 Books